01289nam a2200301 a 4500001001000000003000400010005001700014008004100031020001500072040002500087082001600112100003600128240003800164245017000202260005100372300002800423500003800451500007100489590002700560650003400587650005600621700003600677910001500713942001300728952011800741952011100859999001700970000023522OSt20250701132841.0101210s1994 ag r 000 0 spa d a9500709384 aDO-SdBNPbspacBNPHU a338.9bK65e1 aKlitgaard G. A. , Robert94848310aAdjusting to reality /lEspañol10aAjustándonos a la realidad :bpolíticas creativas para un "mercado versus estado" en beneficio de todos /cRobert Klitgaard ; traducción de Martha Uriona G. A. aBuenos Aires :bEditorial Sudamericana,c1994. a313 p. :bil. ;c23 cm. aIncluye notas al pie de páginas aIncluye datos biográficos del autor en la solapa de la portada.  aInventariado, 2020/ YL 0aDesarrollo económico985548 4aPaises en desarrolloxPolítica económica9484841 aUriona G. A, Marthaetr.948485 aEn proceso 2ddccLF1 00102ddc50718MOaGRbGRcCTd2010-12-10eDonación iLF1l0o338.9 K65ep23522-10r2020-06-25w2020-06-25y1 00112ddc50718MOaGRbGRcMId2017-04-24iLF1l0o338.9 K65ep23522-20r2020-06-25te. 2w2020-06-25y1 c23018d23018